Countries Containing G - Statistics

General Stats
  • This quiz has been taken 2,501 times
    2,489 since last reset
  • The average score is 35 of 45
Answer Stats
Country % Correct
Germany
94%
Guinea
92%
Ghana
89%
Gabon
87%
Greece
87%
Guatemala
87%
Guinea Bissau
87%
Algeria
86%
Guyana
86%
Afghanistan
85%
Grenada
84%
Angola
83%
Gambia
83%
Georgia
82%
Argentina
80%
United Kingdom
80%
Paraguay
79%
Uruguay
79%
Antigua and Barbuda
78%
Bulgaria
78%
Democratic Republic of the Congo
78%
Egypt
78%
Equatorial Guinea
77%
Hungary
77%
Kyrgyzstan
77%
Niger
77%
Nigeria
77%
Republic of the Congo
77%
Madagascar
76%
Mongolia
76%
Papua New Guinea
76%
Belgium
75%
Bangladesh
74%
Portugal
74%
Tonga
73%
Uganda
73%
Nicaragua
72%
Togo
72%
Luxembourg
71%
Senegal
71%
Bosnia and Herzegovina
70%
Trinidad and Tobago
70%
Singapore
66%
Montenegro
65%
Saint Vincent and the Grenadines
63%
No matching quizzes found
Score Distribution
Percent of People with Each Score
Percentile by Number Answered
Your Score History
You have not taken this quiz since the last reset